000 00411nam a2200145Ia 4500
008 220531s9999 xx 000 0 und d
041 _amar
100 _aकुलकर्णी, पी . के.
_954768
245 _aआरोग्‍य आणि समाज
260 _aPune
_bDiamand
_c2007
542 _d14-11-2008
650 _aSociology
_954769
906 _d2008-2009
999 _c31683
_d31683